=LDR 00000nam 2200000 4500 =001 NUTBA000000000003720 =005 20140825174852.0 =006 =007 =008 =020 ##$$a 978-602-9085-46-4 =035 ##$$a 0010-081400000000565 =082 ##$$a 512.13-Ist-p =100 ##$$a Isti Karnikasari =245 ##$$a Pengayaan matematika trigonometri =250 ##$$a Cet.1 =260 ##$$a JAKARTA $b Pustaka Al Ghifari $c 2013 =300 ##$$a vi,74 Hlm $b ilus $c 23 Cm =990 ##$$a 0001/BPAP-NTB/20142014